000 00519nam a2200169Ia 4500
008 190805s9999||||xx |||||||||||||| ||und||
020 _a9789352606269
_cRs. 699.00
082 0 4 _a658.4033
_bV869
100 1 _aVohra, N. D.
245 1 0 _aQuantitative Techniques in Management /
_cN. D. Vohra
250 _a5th ed.
260 _aChennai :
_bMcGraw Hill Education India,
_c2017
300 _axv, 1091 p.
_b :
_c; 24 cm.
650 0 _aManagement
_xMathematical models
_vTextbooks
942 _cBK
999 _c319
_d319